LIBRARY & INFORMATION CENTRE, KCAET, TAVANUR

ONLINE PUBLIC ACCESS CATALOGUE (OPAC)

Rath char aur chanth / (Record no. 2630)

MARC details
000 -LEADER
fixed length control field 00340cam a2200133ua 4500
041 ## - LANGUAGE CODE
Language code of text/sound track or separate title hin
082 ## - DEWEY DECIMAL CLASSIFICATION NUMBER
Classification number 891.54
Item number BAL/RA
100 ## - MAIN ENTRY--AUTHOR NAME
Personal name Balavath, Singh .
245 ## - TITLE STATEMENT
Title Rath char aur chanth /
260 ## - PUBLICATION, DISTRIBUTION, ETC. (IMPRINT)
Place of publication Delhi :
Name of publisher Rajkamal Prakash ,
Year of publication 1962.
300 ## - PHYSICAL DESCRIPTION
Number of Pages 170 ; .
942 ## - ADDED ENTRY ELEMENTS (KOHA)
Koha item type Books
Holdings
Withdrawn status Lost status Damaged status Home library Current library Date acquired Full call number Accession Number Koha item type
Withdrawn     KAUAET Sanskrit University 07/04/2012 891.54 1978 Books
free website counter